000 01426nam0a2200361 i 4500
001 RU\NLR\BIBL_A\010358217
005 20241110064508.0
010 _a9785222225967
_92500
021 _aRU
_b2014-18790
_91172
035 _a(NILC)RuMoRGB-006762443
035 _a(NLR Aleph) 010358217
090 _a10769992
_c10769992
100 _a20140519d2014 um y0rusy50 ca
101 0 _arus
102 _aRU
105 _ay|||g||||01yy
200 1 _aКарманный справочник по литературе
_fЕ. Амелина
210 _aРостов-на-Дону
_cФеникс
_d2014
215 _a250, [3] с.
_d14
225 1 _aСерия "Библиотека школьника"
300 _aНа обл. авт. не указан
320 _aБиблиогр.: с. 246-250 (61 назв.)
606 _aРусская литература
_jСправочники
_91032583
_3RU\NLR\AUTH\6678541
606 _aРусская литература
_jУчебные издания для поступающих в высшие учебные заведения
_91032583
_3RU\NLR\AUTH\6678541
686 1 _aШ5(2=Р)я2
686 1 _aШ5(2=Р)я729
700 1 _aАмелина
_bЕ. В.
_gЕлена Владимировна
801 0 _aRU
_bRuMoRKP
_c20140317
_gRCR
801 2 _aRU
_bРГБ
_c20140402
_grcr
942 _cBOOK
980 _aNBR